000 00436nam a2200169Ia 4500
003 GCL
008 140319s9999 xx 000 0 ara d
040 _aGCL /
_cGCL
082 0 4 _a811.9
_bم م
100 1 _aمحمود درويش
245 1 0 _aمديح الظل العالى /
_cمحمود درويش
300 _a112 ص
490 _a
650 0 4 _aالشعر العربى
650 0 4 _aالادب العربى
942 _2ddc
_cBK
999 _c44792
_d44792